00555nam a2200205 a 4500001001300000003000900013005001700022008004100039020002300080082001500103100002100118245006400139260003600203300000900239500003500248505001200283650001100295650002200306700002100328nice12345678IN_TiNIC20260116013646.0050524s1995 newa grp 000 0 eng  a8173043 c45000a297.4bPIN aPinto, Desiderio aPiri-Muridi Relationshipb a Study of the Nizamuddin Dargah aNew Delhi bManohar Pub. c1995 a346p aincludes index and biblioraphy2 aIndices aSufism aNizamuddin-Dargah1 aPinto, Desiderio